Training and Development (Record no. 83308)

MARC details
000 -LEADER
fixed length control field 00432nam a22001577a 4500
003 - CONTROL NUMBER IDENTIFIER
control field URS
005 - DATE AND TIME OF LATEST TRANSACTION
control field 20250701134214.0
040 ## - CATALOGING SOURCE
Transcribing agency URS
050 ## - LIBRARY OF CONGRESS CALL NUMBER
Classification number HF55495 T7
Item number F56 2015
100 ## - MAIN ENTRY--PERSONAL NAME
Personal name Flores, Marivic F.
Dates associated with a name 2015
Relator term Author
245 ## - TITLE STATEMENT
Title Training and Development
264 ## - PRODUCTION, PUBLICATION, DISTRIBUTION, MANUFACTURE, AND COPYRIGHT NOTICE
Place of production, publication, distribution, manufacture Manila:
Name of producer, publisher, distributor, manufacturer Unlimited Books Library Services and Publishing INc.,
Date of production, publication, distribution, manufacture, or copyright notice [2015]
300 ## - PHYSICAL DESCRIPTION
Extent iii, 224 pages
700 ## - ADDED ENTRY--PERSONAL NAME
Personal name Ong, Angelita
Dates associated with a name 2015
Relator term Author
942 ## - ADDED ENTRY ELEMENTS (KOHA)
Source of classification or shelving scheme Library of Congress Classification
Koha item type Filipiniana
Holdings
Withdrawn status Source of classification or shelving scheme Damaged status Not for loan Home library Current library Date acquired Total Checkouts Full call number Barcode Date last seen Price effective from Koha item type
  Library of Congress Classification     Binangonan College Library Binangonan College Library 07/01/2025   HF55495 T7 F56 2015 URSBIN-3941 07/01/2025 07/01/2025 Filipiniana
  Library of Congress Classification     Binangonan College Library Binangonan College Library 10/01/2025   HF 5549.5 T7 F56 2015 URSBIN-3584 10/01/2025 10/01/2025 Filipiniana

University of Rizal System
Email us at univlibservices@urs.edu.ph

Visit our Website www.urs.edu.ph/library